The Law of South Africa / (Record no. 3049)

MARC details
000 -LEADER
fixed length control field 00552nam a22001937a 4500
005 - DATE AND TIME OF INPUT
control field 20240923122722.0
008 - DATA ELEMENTS--GENERAL INFORMATION
fixed length control field 240923b |||||||| |||| 00| 0 eng d
020 ## - INTERNATIONAL STANDARD BOOK NUMBER
International Standard Book Number 0409022438
022 ## - INTERNATIONAL STANDARD SERIAL NUMBER
International Standard Serial Number 0409004480
041 ## - LANGUAGE CODE
Language code of text English
082 ## - SHELF NUMBER
DDC number 349 JOU
100 ## - MAIN AUTHOR
Language of a work English
245 ## - TITLE STATEMENT
Title The Law of South Africa /
Statement of responsibility, etc. WA Joubert and JA Faris
250 ## - EDITION STATEMENT
Edition statement Second Edition
260 ## - PUBLICATION, DISTRIBUTION, ETC.
Place of publication, distribution, etc. Durban:
Name of publisher, distributor, etc. LexisNexis Butterworths,
Date of publication, distribution, etc. 2003
300 ## - PHYSICAL DESCRIPTION
Other physical details viii, 604 pages;
Dimensions 26 cm.
650 ## - SUBJECT`
Broad subject Legal practice
Own subject terms Law
942 ## - ADDED ENTRY ELEMENTS (KOHA)
Item type Books
942 ## - ADDED ENTRY ELEMENTS (KOHA)
-- ALISON_BN_VRIES
Holdings
Source of classification or shelving scheme Not for loan Collection code Home library Current library Shelving location Date acquired Full call number Barcode Price effective from Koha item type
Dewey Decimal Classification   TEXT BOOKS LAW SOCIETY OF NAMIBIA LIBRARY - WINDHOEK LAW SOCIETY OF NAMIBIA LIBRARY - WINDHOEK South African Law Reports 09/23/2024 349 JOU LSN/2003/30 09/23/2024 Books